|
|
|
|
| LEADER |
00639cam a2200193 7i4500 |
| 001 |
0000001247 |
| 005 |
20170218090000.0 |
| 020 |
|
|
|a 9679787109 (pbk.)
|
| 090 |
0 |
0 |
|a HC412
|b .M34 1999
|
| 100 |
0 |
|
|a Mahathir Bin Mohamad,
|c Tun Dr
|
| 245 |
1 |
0 |
|a Kebangkitan semula Asia
|c Mahathir Mohamad.
|
| 260 |
|
|
|a Subang Jaya:
|b Pelanduk Publications,
|c 1999.
|
| 300 |
|
|
|a 177 p.;
|c 22 cm.
|
| 500 |
|
|
|a Includes index
|
| 650 |
0 |
0 |
|a Economic stabilization --
|z Asia
|
| 651 |
|
0 |
|a Asia --
|x Economic policy
|
| 651 |
|
0 |
|a Asia --
|x Economic conditions
|
| 997 |
|
|
|a Business & Accountancy, Faculty
|
| 999 |
|
|
|a 0000009165
|b BOK
|c OPEN SHELF
|e 1st Floor, Bestari Jaya
|